[Event "BL 2425 FC St. Pauli - Hamburger SK"]
[Site "?"]
[Date "2025.02.02"]
[Round "8.2"]
[White "Maurizzi, Marc`Andria"]
[Black "Huschenbeth, Niclas"]
[Result "1-0"]
[WhiteElo "2581"]
[BlackElo "2593"]
[PlyCount "81"]
[EventDate "2025.??.??"]

1. e4 e5 2. Nf3 Nf6 3. Nxe5 d6 4. Nf3 Nxe4 5. Bd3 Nf6 6. O-O Be7 7. c3 O-O 8. h3 d5 9. Bc2 Nbd7 10. d4 Bd6 11. Bg5 h6 12. Bh4 Re8 13. Nbd2 Nf8 14. Re1 Rxe1+ 15. Qxe1 Ng6 16. Bg3 Bxg3 17. fxg3 Qd6 18. g4 Bd7 19. Bxg6 fxg6 20. g5 hxg5 21. Nxg5 Qf4 22. Ngf3 Bf5 23. Qe5 g5 24. g3 Qxe5 25. dxe5 Ne4 26. Nxe4 dxe4 27. Nxg5 Re8 28. g4 Bc8 29. Rd1 e3 30. Rd3 Kf8 31. Rxe3 Rd8 32. Rf3+ Ke8 33. Rf7 Rd1+ 34. Kf2 Bd7 35. Rxg7 Rd2+ 36. Ke3 Rxb2 37. e6 Bb5 38. Rxc7 Rxa2 39. Rxb7 a6 40. Ne4 Re2+ 41. Kf3 1-0

[Event "BL 2425 FC St. Pauli - Hamburger SK"]
[Site "?"]
[Date "2025.02.02"]
[Round "8.3"]
[White "Kempinski, Robert"]
[Black "Socko, Bartosz"]
[Result "1/2-1/2"]
[WhiteElo "2552"]
[BlackElo "2565"]
[PlyCount "51"]
[EventDate "2025.??.??"]

1. d4 Nf6 2. c4 e6 3. Nf3 Bb4+ 4. Nbd2 b6 5. a3 Bxd2+ 6. Qxd2 Bb7 7. e3 O-O 8. Be2 d5 9. b3 dxc4 10. bxc4 Qe7 11. O-O c5 12. Rd1 Nc6 13. Qb2 Rfd8 14. Bd2 Ne4 15. Be1 cxd4 16. exd4 Qf6 17. a4 Rab8 18. Ra3 h6 19. Re3 Ne7 20. Qb1 Nd6 21. d5 Nef5 22. Bc3 Qg6 23. Ne5 Qg5 24. Nf3 Qg6 25. Ne5 Qg5 26. Nf3 1/2-1/2

[Event "BL 2425 FC St. Pauli - Hamburger SK"]
[Site "?"]
[Date "2025.02.02"]
[Round "8.4"]
[White "Janik, Igor"]
[Black "Papp, Gabor"]
[Result "1/2-1/2"]
[WhiteElo "2521"]
[BlackElo "2500"]
[PlyCount "60"]
[EventDate "2025.??.??"]

1. Nf3 Nf6 2. c4 b6 3. g3 Bb7 4. Bg2 e6 5. O-O Be7 6. d3 c5 7. e4 d6 8. Nc3 O-O 9. Ne1 Nc6 10. f4 Nd7 11. Nf3 Nd4 12. Be3 Nxf3+ 13. Bxf3 a6 14. a4 Bf6 15. Rc1 Bd4 16. Qd2 Re8 17. Ne2 Bxe3+ 18. Qxe3 b5 19. axb5 axb5 20. cxb5 Qb6 21. b4 Ra3 22. bxc5 Nxc5 23. Rc3 Rxc3 24. Nxc3 e5 25. fxe5 dxe5 26. Bh5 g6 27. Be2 Qd6 28. Nd1 Nb3 29. Qf2 Re7 30. Ne3 Qc5 1/2-1/2

[Event "BL 2425 FC St. Pauli - Hamburger SK"]
[Site "?"]
[Date "2025.02.02"]
[Round "8.5"]
[White "Lampert, Jonas"]
[Black "Krause, Benedict"]
[Result "1-0"]
[WhiteElo "2530"]
[BlackElo "2417"]
[PlyCount "159"]
[EventDate "2025.??.??"]

1. d4 Nf6 2. c4 g6 3. Nc3 d5 4. cxd5 Nxd5 5. e4 Nxc3 6. bxc3 Bg7 7. Nf3 c5 8. Bb5+ Nc6 9. O-O O-O 10. Bxc6 bxc6 11. Qc2 cxd4 12. cxd4 Bg4 13. Ne5 Qxd4 14. Bb2 Qb6 15. Rab1 Bxe5 16. Bxe5 Qa5 17. Bc3 Qc5 18. h3 Be6 19. Kh2 Rab8 20. Rbc1 Qc4 21. f4 Qxa2 22. Qd1 Rbd8 23. Qe1 Rd3 24. f5 Bd7 25. Qh4 f6 26. Rf2 Qf7 27. fxg6 Qxg6 28. e5 Be6 29. exf6 exf6 30. Bxf6 Bd5 31. Re1 Rxf6 32. Qxf6 Qxf6 33. Rxf6 Rd2 34. Rg1 c5 35. Kg3 c4 36. Rf2 Rd3+ 37. Kf4 c3 38. Ra1 Bb3 39. Rff1 Rd7 40. Rf3 Rf7+ 41. Ke3 Rc7 42. Kd4 Rc4+ 43. Ke5 c2 44. Rg3+ Kf7 45. Rf1+ Ke8 46. Rg8+ Kd7 47. Rg7+ Kc6 48. Rc1 a5 49. Rxh7 a4 50. g4 Rc3 51. Rh8 Rd3 52. h4 Kd7 53. Rf8 Rd5+ 54. Ke4 Rd1 55. Rf1 Ke6 56. h5 Rd7 57. g5 Bc4 58. Rf6+ Ke7 59. Rf2 a3 60. Ke3 Rd3+ 61. Kf4 Rd4+ 62. Kg3 Bd3 63. g6 a2 64. g7 Rd8 65. h6 Bh7 66. Re1+ Kd7 67. Rf8 Kc7 68. Rxd8 Kxd8 69. Kf4 Kd7 70. Ke3 Ke7 71. Kd2+ Kf7 72. Rg1 Kg8 73. Kc3 Bg6 74. Kb2 Bf7 75. Kxc2 Kh7 76. Kb2 Bg8 77. Rh1 Bf7 78. Rf1 Be6 79. Rf8 Bg8 80. Rd8 1-0

[Event "BL 2425 FC St. Pauli - Hamburger SK"]
[Site "?"]
[Date "2025.02.02"]
[Round "8.6"]
[White "Socko, Monika"]
[Black "Costa, Leonardo"]
[Result "1/2-1/2"]
[WhiteElo "2367"]
[BlackElo "2503"]
[PlyCount "81"]
[EventDate "2025.??.??"]

1. e4 e5 2. Nf3 Nc6 3. d4 exd4 4. Nxd4 Nf6 5. Nxc6 bxc6 6. Bd3 d5 7. exd5 cxd5 8. O-O Be7 9. h3 O-O 10. Nd2 c5 11. b3 a5 12. a4 Bb7 13. Bb2 Nd7 14. Re1 Bf6 15. Bxf6 Nxf6 16. Qf3 Qc7 17. Qf5 Rae8 18. Rad1 h6 19. Bb5 Re7 20. Rxe7 Qxe7 21. Nf3 Ne4 22. Re1 Qd6 23. Qe5 Rd8 24. Qxd6 Rxd6 25. Ne5 g5 26. Nd3 Bc6 27. f3 Nc3 28. Bxc6 Rxc6 29. Re8+ Kg7 30. Re7 Rc8 31. Ra7 c4 32. Ne5 Ne2+ 33. Kh2 cxb3 34. cxb3 Rc2 35. Rxf7+ Kg8 36. Rd7 Nf4 37. Ng4 Rxg2+ 38. Kh1 Rg3 39. Nf6+ Kf8 40. Nh7+ Ke8 41. Nf6+ 1/2-1/2

[Event "BL 2425 FC St. Pauli - Hamburger SK"]
[Site "?"]
[Date "2025.02.02"]
[Round "8.7"]
[White "Lubbe, Nikolas"]
[Black "Krause, Jonah"]
[Result "1/2-1/2"]
[WhiteElo "2493"]
[BlackElo "2368"]
[PlyCount "40"]
[EventDate "2025.??.??"]

1. d4 Nf6 2. Nf3 g6 3. Nc3 d5 4. Bf4 Bg7 5. Nb5 Na6 6. e3 O-O 7. h3 Ne4 8. Nd2 c6 9. Nxe4 dxe4 10. Na3 c5 11. c3 cxd4 12. exd4 Nc7 13. Bc4 Nd5 14. Bh2 a6 15. Nc2 b5 16. Bb3 Bb7 17. Qe2 Nb6 18. Ne3 e6 19. Rd1 h5 20. a3 Rc8 1/2-1/2

[Event "BL 2425 FC St. Pauli - Hamburger SK"]
[Site "?"]
[Date "2025.02.02"]
[Round "8.8"]
[White "Voigt, Martin"]
[Black "Sebastian, Dirk"]
[Result "1-0"]
[WhiteElo "2327"]
[BlackElo "2430"]
[PlyCount "43"]
[EventDate "2025.??.??"]

1. e4 c5 2. Nf3 Nc6 3. Bb5 g6 4. O-O Bg7 5. c3 e5 6. d4 cxd4 7. cxd4 exd4 8. Bf4 a6 9. Ba4 Nge7 10. Bd6 b5 11. Bb3 Bb7 12. Re1 Nc8 13. e5 Nxd6 14. exd6+ Kf8 15. h4 Bf6 16. Qd2 Kg7 17. Qf4 Na5 18. h5 Rf8 19. h6+ Kg8 20. Re7 Bxe7 21. dxe7 Qxe7 22. Qxd4 1-0

[Event "BL 2425 SV Werder Bremen - SK Kirchweyhe"]
[Site "?"]
[Date "2025.02.22"]
[Round "9.1"]
[White "Saric, Ivan"]
[Black "Ivic, Velimir"]
[Result "1-0"]
[WhiteElo "2661"]
[BlackElo "2622"]
[PlyCount "125"]
[EventDate "2025.??.??"]

1. e4 c5 2. Nf3 Nc6 3. Bb5 g6 4. O-O Bg7 5. c3 e5 6. d3 Nge7 7. Be3 d6 8. a4 O-O 9. h3 h6 10. b4 cxb4 11. cxb4 a6 12. Bxc6 Nxc6 13. Na3 Be6 14. Nc4 b5 15. Nb6 Rb8 16. a5 f5 17. Qc1 Qe8 18. Bxh6 fxe4 19. Bxg7 Rxf3 20. gxf3 Kxg7 21. Qe3 exf3 22. Rfc1 Nd4 23. Rc7+ Bf7 24. Kh2 Qe6 25. Rg1 Rh8 26. Rg3 Nf5 27. Qxf3 Nxg3 28. Qxg3 Qf5 29. Nd5 Rh5 30. Ne3 Qf4 31. Qxf4 exf4 32. Ng2 g5 33. Ra7 Rh8 34. f3 Kf6 35. Rxa6 Bd5 36. Rxd6+ Ke5 37. Rg6 Kf5 38. Rb6 Bxf3 39. Rxb5+ Kf6 40. h4 Ba8 41. Kg1 gxh4 42. Nxf4 Rc8 43. Kf2 Rh8 44. a6 h3 45. Rh5 Rxh5 46. Nxh5+ Ke5 47. Kg3 Kd5 48. Nf4+ Kc6 49. Ne6 Kb6 50. Kxh3 Bd5 51. Nd4 Bg8 52. a7 Kxa7 53. Nb5+ Kb6 54. Nc3 Bh7 55. d4 Kc6 56. Kg4 Kd6 57. Kf4 Bg8 58. Ke3 Bc4 59. Ke4 Kc6 60. Ke5 Bf1 61. d5+ Kb6 62. Kf6 Bh3 63. Ke7 1-0

[Event "BL 2425 SV Werder Bremen - SK Kirchweyhe"]
[Site "?"]
[Date "2025.02.22"]
[Round "9.2"]
[White "McShane, Luke J"]
[Black "Brkic, Ante"]
[Result "1-0"]
[WhiteElo "2611"]
[BlackElo "2606"]
[PlyCount "163"]
[EventDate "2025.??.??"]

1. e4 c5 2. Nf3 d6 3. d4 cxd4 4. Nxd4 Nf6 5. Nc3 a6 6. Be2 e5 7. Nb3 Be7 8. Bg5 Be6 9. Bxf6 Bxf6 10. Qd3 O-O 11. O-O-O Qb6 12. Rhf1 Nc6 13. Nd5 Bxd5 14. Qxd5 Rac8 15. c3 Nd4 16. Bg4 Rc6 17. Kb1 Nxb3 18. Qxb3 Qc7 19. Rd5 b5 20. Be2 Rb8 21. a3 g6 22. g3 Rc5 23. h4 h5 24. Rfd1 Be7 25. R1d2 Qb6 26. Bd1 Kg7 27. Bc2 Rbc8 28. R5d3 Qc6 29. Rd5 Qb6 30. Ka1 Rxd5 31. Qxd5 Qc6 32. Qd3 Qc4 33. Qe3 a5 34. Kb1 Rc6 35. Qf3 Bd8 36. Qd1 b4 37. cxb4 axb4 38. a4 b3 39. Bxb3 Qxe4+ 40. Rd3 Rb6 41. Ka2 Qb4 42. Rc3 Rb7 43. Qd5 e4 44. Rc6 Bf6 45. Rxd6 Ra7 46. Qd2 Qb7 47. Rd5 Qc6 48. Kb1 Rb7 49. Qc2 Qe8 50. Ka2 e3 51. fxe3 Qxe3 52. Rd3 Qe5 53. Qd2 Re7 54. Bd5 Ra7 55. Bb3 Re7 56. Qf2 Rb7 57. Rd2 Re7 58. Rc2 Qe4 59. Qc5 Qf3 60. Qd6 Re3 61. Rc8 Be7 62. Qb8 Qxg3 63. Qxg3 Rxg3 64. a5 Re3 65. a6 Re5 66. Rc7 Ra5+ 67. Kb1 Bxh4 68. Rxf7+ Kh6 69. a7 Bf2 70. Rxf2 Rxa7 71. Kc2 g5 72. Rf6+ Kg7 73. Rb6 g4 74. Bd5 h4 75. Rb7+ Rxb7 76. Bxb7 Kf6 77. Kd3 Ke5 78. Ke3 h3 79. Bc8 Kd5 80. Bxg4 h2 81. Bf3+ Kc4 82. Kd2 1-0

[Event "BL 2425 SV Werder Bremen - SK Kirchweyhe"]
[Site "?"]
[Date "2025.02.22"]
[Round "9.3"]
[White "Predojevic, Borki"]
[Black "Fressinet, Laurent"]
[Result "1/2-1/2"]
[WhiteElo "2563"]
[BlackElo "2588"]
[PlyCount "41"]
[EventDate "2025.??.??"]

1. e4 e5 2. Nf3 Nc6 3. Nc3 Nf6 4. d4 exd4 5. Nxd4 Bb4 6. Nxc6 bxc6 7. Bd3 O-O 8. O-O d5 9. exd5 cxd5 10. Bg5 c6 11. Qf3 Rb8 12. h3 Bd6 13. b3 h6 14. Bf4 Rb4 15. Bxd6 Qxd6 16. Rfe1 Bd7 17. Qe3 c5 18. Qe5 Rb6 19. Bf5 Rd8 20. Qxd6 Rxd6 21. Bxd7 1/2-1/2

[Event "BL 2425 SV Werder Bremen - SK Kirchweyhe"]
[Site "?"]
[Date "2025.02.22"]
[Round "9.4"]
[White "Efimenko, Zahar"]
[Black "Kadric, Denis"]
[Result "1/2-1/2"]
[WhiteElo "2565"]
[BlackElo "2552"]
[PlyCount "129"]
[EventDate "2025.??.??"]

1. e4 d6 2. Nf3 Nf6 3. Nc3 e5 4. Bc4 Be7 5. d3 O-O 6. O-O c6 7. a4 a5 8. h3 Na6 9. Re1 Nc5 10. Be3 Qc7 11. Ba2 Nfd7 12. d4 exd4 13. Nxd4 Nb6 14. Bb3 Bd7 15. Qd2 Rfe8 16. Rad1 Bf8 17. Bf4 Nxb3 18. cxb3 Be6 19. Qc2 Rad8 20. Nxe6 fxe6 21. Bg3 Qf7 22. Ne2 d5 23. Nf4 Bd6 24. e5 Bf8 25. Rd3 Qf5 26. Qe2 Bb4 27. Red1 Nd7 28. Nh5 Nc5 29. Rf3 Qxh5 30. Rf8+ Rxf8 31. Qxh5 d4 32. Qg4 d3 33. Bh4 Rd7 34. Bg5 Rf5 35. Be3 Rxe5 36. h4 Rdd5 37. Bd4 d2 38. Bxe5 Rxe5 39. Kh2 Re1 40. h5 Rxd1 41. h6 g6 42. Qxd1 Nd3 43. Qg4 Nxf2 44. Qxe6+ Kf8 45. Qc8+ Ke7 46. Qxb7+ Ke6 47. Qc8+ Kd5 48. Qg8+ Ke5 49. Qe8+ Kf5 50. Qd7+ Kg5 51. Qd8+ Kh5 52. g3 Kg4 53. Qd7+ Kf3 54. Qxc6+ Ke3 55. Qe6+ Kf3 56. Qc6+ Ke2 57. Qe6+ Kd3 58. Qc4+ Ke3 59. Qe6+ Ne4 60. Qd5 Bc5 61. b4 axb4 62. Kg2 Bd4 63. Qb3+ Bc3 64. bxc3 Nxc3 65. Qxb4 1/2-1/2

[Event "BL 2425 SV Werder Bremen - SK Kirchweyhe"]
[Site "?"]
[Date "2025.02.22"]
[Round "9.5"]
[White "Markus, Robert"]
[Black "Van Foreest, Lucas"]
[Result "1/2-1/2"]
[WhiteElo "2595"]
[BlackElo "2530"]
[PlyCount "40"]
[EventDate "2025.??.??"]

1. Nf3 d5 2. d3 Nc6 3. Nbd2 e5 4. e4 Nf6 5. Be2 Bc5 6. O-O O-O 7. exd5 Qxd5 8. Nc4 h6 9. c3 a5 10. Be3 Rd8 11. Qc1 Bxe3 12. Nxe3 Qc5 13. Re1 Be6 14. Bf1 Rd7 15. b3 Rad8 16. Qb2 Qb6 17. Nd2 Qa7 18. a3 Ne7 19. b4 Ng6 20. g3 b5 1/2-1/2

[Event "BL 2425 SV Werder Bremen - SK Kirchweyhe"]
[Site "?"]
[Date "2025.02.22"]
[Round "9.6"]
[White "Wachinger, Nikolas"]
[Black "Stevic, Hrvoje"]
[Result "1/2-1/2"]
[WhiteElo "2451"]
[BlackElo "2542"]
[PlyCount "66"]
[EventDate "2025.??.??"]

1. e4 e5 2. Nf3 Nf6 3. Nxe5 d6 4. Nf3 Nxe4 5. d4 d5 6. Bd3 Bf5 7. O-O Be7 8. Ne5 f6 9. Ng4 Nd6 10. Bf4 Bxd3 11. Qxd3 c6 12. Nd2 O-O 13. c4 Nxc4 14. Nxc4 dxc4 15. Qxc4+ Qd5 16. Qd3 Rd8 17. Ne3 Qf7 18. Rfe1 Bb4 19. Red1 Bd6 20. Bxd6 Rxd6 21. d5 Na6 22. Qa3 Rad8 23. dxc6 Rxd1+ 24. Rxd1 Rxd1+ 25. Nxd1 Qd5 26. Qa4 Qxc6 27. Qxc6 bxc6 28. Kf1 Kf7 29. Ke2 Ke6 30. Ne3 f5 31. f3 f4 32. Nc2 Kd5 33. Kd2 c5 1/2-1/2

[Event "BL 2425 SV Werder Bremen - SK Kirchweyhe"]
[Site "?"]
[Date "2025.02.22"]
[Round "9.7"]
[White "Jovanovic, Zoran"]
[Black "Reuker, Jari"]
[Result "1-0"]
[WhiteElo "2511"]
[BlackElo "2417"]
[PlyCount "123"]
[EventDate "2025.??.??"]

1. e4 e5 2. Nf3 Nc6 3. Bc4 Bc5 4. d3 Nf6 5. Nc3 h6 6. Be3 Bxe3 7. fxe3 d6 8. a3 O-O 9. Qe2 Be6 10. O-O-O a6 11. Rhg1 d5 12. exd5 Nxd5 13. Bxd5 Bxd5 14. g4 g6 15. g5 h5 16. Nd2 Kg7 17. Nde4 Be6 18. Nf6 Qe7 19. d4 exd4 20. exd4 Bg4 21. Qxe7 Nxe7 22. Rd3 Be6 23. d5 Bf5 24. Rf3 Bg4 25. Rf4 Rad8 26. Re1 Nf5 27. Rc4 Rc8 28. Nce4 Rfd8 29. Nc5 Nd6 30. Rb4 a5 31. Rxb7 Nxb7 32. Nxb7 Rf8 33. Nxa5 Ra8 34. Nc6 Ra4 35. Nb4 Rc8 36. c4 Bf5 37. Kd2 Kf8 38. Kc3 h4 39. Nc6 Rca8 40. Re3 h3 41. Nd4 R4a6 42. Re5 Rd8 43. Nc6 Rda8 44. Re3 Ra4 45. Kd4 Rc8 46. b4 Raa8 47. b5 Kg7 48. Nb4 Rh8 49. Na6 Rac8 50. Kc5 Kf8 51. Nb4 Rh4 52. Rf3 Ra8 53. Na6 Rc8 54. a4 Be4 55. Nxe4 Rxe4 56. Rxh3 Kg7 57. a5 f5 58. gxf6+ Kxf6 59. Rh7 Re7 60. Rxe7 Kxe7 61. Kc6 Kd8 62. h4 1-0

[Event "BL 2425 SV Werder Bremen - SK Kirchweyhe"]
[Site "?"]
[Date "2025.02.22"]
[Round "9.8"]
[White "Schulze, Lara"]
[Black "Kovacevic, Aleksandar"]
[Result "1/2-1/2"]
[WhiteElo "2266"]
[BlackElo "2447"]
[PlyCount "139"]
[EventDate "2025.??.??"]

1. e4 c5 2. Nf3 d6 3. Bb5+ Nd7 4. c4 Ngf6 5. Nc3 g6 6. h3 Bg7 7. d3 O-O 8. Ba4 b6 9. Be3 Bb7 10. Qd2 e6 11. Bg5 Ne5 12. Nxe5 dxe5 13. O-O-O Qc7 14. g4 Bc6 15. Bb3 a6 16. f3 Nd7 17. h4 f6 18. Be3 Rf7 19. Rh3 Rd8 20. g5 f5 21. h5 f4 22. Bg1 gxh5 23. Rxh5 Nf8 24. Qh2 Be8 25. Rh3 Rfd7 26. Ba4 Rd6 27. Bc2 R8d7 28. Rd2 Qd8 29. Rg2 Bh8 30. Nd1 Rg7 31. Bf2 Ng6 32. Be1 Ne7 33. Nf2 Bg6 34. Ng4 Nc6 35. Nf6+ Kf8 36. Nxh7+ Rxh7 37. Rxh7 Bxh7 38. Qxh7 Bg7 39. g6 Nb4 40. Bxb4 cxb4 41. Qh5 Qc7 42. Qh1 Qc5 43. Rh2 Rd7 44. Kb1 Ke7 45. Ka1 Kd6 46. Ba4 Re7 47. Qe1 a5 48. Kb1 Bf6 49. Qf2 Rg7 50. Be8 Qxf2 51. Rxf2 Rg8 52. Bf7 Rh8 53. Rg2 Bg7 54. Kc2 a4 55. a3 b3+ 56. Kc3 Kc5 57. Rg5 Kd6 58. Kb4 Rh2 59. Kxa4 Rxb2 60. Rg1 Rd2 61. Kxb3 Rxd3+ 62. Kc2 Rxa3 63. Rb1 Rxf3 64. Rxb6+ Kc5 65. Rb7 Rg3 66. Be8 Bf6 67. Rf7 Rxg6 68. Rc7+ Kb6 69. Bxg6 Kxc7 70. Kd3 1/2-1/2

[Event "BL 2425 FC St. Pauli - SV Mülheim Nord"]
[Site "?"]
[Date "2025.02.22"]
[Round "9.1"]
[White "Fridman, Daniel"]
[Black "Bjerre, Jonas Buhl"]
[Result "1-0"]
[WhiteElo "2577"]
[BlackElo "2640"]
[PlyCount "119"]
[EventDate "2025.??.??"]

1. d4 Nf6 2. Nf3 e6 3. c4 Bb4+ 4. Bd2 a5 5. g3 O-O 6. Bg2 d5 7. Qc2 Be7 8. O-O c6 9. Rd1 Nbd7 10. Bf4 h6 11. Ne5 Qb6 12. c5 Qa7 13. Nc3 Nxe5 14. Bxe5 Nd7 15. Bc7 b6 16. cxb6 Nxb6 17. Bxb6 Qxb6 18. Na4 Qb4 19. a3 Qb8 20. Rd2 Ba6 21. Nc5 Bxc5 22. Qxc5 Bc4 23. e3 Qb5 24. Qd6 Rfd8 25. Qf4 Rdb8 26. Rc1 Rb6 27. h4 Rab8 28. g4 Qa6 29. Rcc2 Rb3 30. Bf3 Qc8 31. Be2 Bxe2 32. Rxe2 Qd7 33. g5 h5 34. Qf3 Re8 35. Red2 e5 36. dxe5 Rxe5 37. Rd4 g6 38. Kg2 Rb8 39. Rf4 Rbe8 40. Rc5 Qc7 41. Rf6 Rc8 42. Qf4 Re4 43. Qxc7 Rxc7 44. Kh3 d4 45. exd4 Rxd4 46. Rxa5 Rd3+ 47. Kg2 Rd4 48. Kg3 Rg4+ 49. Kh3 Rd7 50. f3 Rc4 51. b4 Rc1 52. Ra8+ Kg7 53. a4 Rh1+ 54. Kg3 Rg1+ 55. Kf2 Rb1 56. Rb8 Rb2+ 57. Kg3 Rc2 58. a5 Rc4 59. a6 Ra7 60. Rd6 1-0

[Event "BL 2425 FC St. Pauli - SV Mülheim Nord"]
[Site "?"]
[Date "2025.02.22"]
[Round "9.2"]
[White "Socko, Bartosz"]
[Black "Vrolijk, Liam"]
[Result "1/2-1/2"]
[WhiteElo "2565"]
[BlackElo "2509"]
[PlyCount "46"]
[EventDate "2025.??.??"]

1. e4 e5 2. Nf3 Nc6 3. d4 exd4 4. Nxd4 Nf6 5. Nxc6 bxc6 6. Bd3 d5 7. exd5 cxd5 8. O-O Be7 9. Re1 O-O 10. h3 Rb8 11. b3 Ne4 12. Bxe4 dxe4 13. Ba3 Qxd1 14. Rxd1 Rd8 15. Rxd8+ Bxd8 16. Nc3 f5 17. Rd1 Be6 18. Nb5 a6 19. Nd4 Bd7 20. Ne2 Bc6 21. Nd4 Bd7 22. Ne2 Bc6 23. Nd4 Bd7 1/2-1/2

[Event "BL 2425 FC St. Pauli - SV Mülheim Nord"]
[Site "?"]
[Date "2025.02.22"]
[Round "9.3"]
[White "Buckels, Valentin"]
[Black "Nielsen, Peter Heine"]
[Result "1/2-1/2"]
[WhiteElo "2443"]
[BlackElo "2620"]
[PlyCount "46"]
[EventDate "2025.??.??"]

1. d4 Nf6 2. Nf3 d5 3. Bf4 Bf5 4. e3 e6 5. Bd3 Bxd3 6. cxd3 Bd6 7. Bxd6 cxd6 8. Qb3 Qd7 9. Nc3 O-O 10. O-O Nc6 11. Rad1 Rfc8 12. Rfe1 Rab8 13. e4 Ne7 14. a4 a6 15. a5 Qd8 16. Ra1 b6 17. axb6 Rxb6 18. Qa3 Rcb8 19. e5 Ne8 20. Qa5 Nc6 21. Qa4 Ne7 22. Qa5 Nc6 23. Qa4 Ne7 1/2-1/2

[Event "BL 2425 FC St. Pauli - SV Mülheim Nord"]
[Site "?"]
[Date "2025.02.22"]
[Round "9.4"]
[White "Janik, Igor"]
[Black "Zelbel, Patrick"]
[Result "1-0"]
[WhiteElo "2521"]
[BlackElo "2482"]
[PlyCount "87"]
[EventDate "2025.??.??"]

1. d4 Nf6 2. c4 g6 3. g3 Bg7 4. Bg2 O-O 5. Nc3 Nc6 6. Nf3 d5 7. cxd5 Nxd5 8. O-O e5 9. Bg5 Nxc3 10. bxc3 Qd6 11. d5 Na5 12. e4 Bd7 13. Bc1 c6 14. Qa4 b6 15. Ba3 c5 16. Qc2 f5 17. c4 Rae8 18. Bb2 Bc8 19. Nd2 f4 20. Bc3 Nb7 21. a4 g5 22. a5 g4 23. axb6 axb6 24. Rfb1 Bf6 25. Ra8 Bg5 26. Qb2 Qh6 27. gxf4 Bxf4 28. Nf1 Rf6 29. Qe2 Qh4 30. Ng3 Ref8 31. Be1 Nd6 32. Rxb6 Rh6 33. Kf1 Qg5 34. Rc6 Rxh2 35. Rxd6 Bxg3 36. Rxc8 Rxc8 37. fxg3 Rf8+ 38. Kg1 Qh5 39. Ra6 Qh3 40. Ra2 Qh5 41. d6 Rd8 42. Qd3 Rd7 43. Qd5+ Kg7 44. Bc3 1-0

[Event "BL 2425 FC St. Pauli - SV Mülheim Nord"]
[Site "?"]
[Date "2025.02.22"]
[Round "9.5"]
[White "Feygin, Michael"]
[Black "Feuerstack, Aljoscha"]
[Result "1/2-1/2"]
[WhiteElo "2452"]
[BlackElo "2458"]
[PlyCount "68"]
[EventDate "2025.??.??"]

1. e4 c5 2. Nf3 e6 3. d4 cxd4 4. Nxd4 Nf6 5. Nc3 Nc6 6. Nxc6 bxc6 7. e5 Nd5 8. Nxd5 cxd5 9. Bd3 Qc7 10. Qe2 Bb4+ 11. Kf1 Rb8 12. a4 O-O 13. h4 f6 14. Qh5 f5 15. Qe2 Bc5 16. c3 d4 17. Rh3 dxc3 18. bxc3 Bb7 19. Rg3 Be4 20. Bf4 Be7 21. Bxe4 fxe4 22. Qxe4 Rf5 23. Bh6 Bf6 24. exf6 Qxg3 25. Qxf5 Qxc3 26. f7+ Kf8 27. Bxg7+ Kxg7 28. Qg4+ Kxf7 29. Rd1 Rb1 30. Qh5+ Kg7 31. Qg5+ Kf7 32. Qh5+ Kg7 33. Qg5+ Kf7 34. Qh5+ Kg7 1/2-1/2

[Event "BL 2425 FC St. Pauli - SV Mülheim Nord"]
[Site "?"]
[Date "2025.02.22"]
[Round "9.6"]
[White "Krause, Benedict"]
[Black "Hausrath, Daniel"]
[Result "1-0"]
[WhiteElo "2417"]
[BlackElo "2450"]
[PlyCount "79"]
[EventDate "2025.??.??"]

1. e4 c6 2. d4 d5 3. exd5 cxd5 4. Bd3 Nc6 5. c3 Nf6 6. h3 g6 7. Nf3 Bf5 8. Ne5 Bg7 9. O-O Bxd3 10. Nxd3 O-O 11. Re1 e6 12. Bf4 Ne4 13. Nd2 Nd6 14. Qf3 Rc8 15. g4 b6 16. Qg3 Nc4 17. Nf3 Re8 18. Re2 h6 19. h4 Qd7 20. Rae1 a5 21. Kg2 a4 22. a3 Rcd8 23. Nfe5 N6xe5 24. Nxe5 Qb5 25. Nxc4 dxc4 26. Be5 Bxe5 27. Qxe5 Qc6+ 28. f3 Rd5 29. Qf4 Kg7 30. Re5 f6 31. g5 fxe5 32. Qf6+ Kh7 33. h5 Qd7 34. hxg6+ Kg8 35. gxh6 Re7 36. Rh1 Rh7 37. gxh7+ Kxh7 38. Rh4 e4 39. Rg4 exf3+ 40. Kf2 1-0

[Event "BL 2425 FC St. Pauli - SV Mülheim Nord"]
[Site "?"]
[Date "2025.02.22"]
[Round "9.7"]
[White "Dinstuhl, Volkmar"]
[Black "Socko, Monika"]
[Result "1/2-1/2"]
[WhiteElo "2381"]
[BlackElo "2367"]
[PlyCount "41"]
[EventDate "2025.??.??"]

1. g3 Nf6 2. Bg2 d5 3. Nf3 Bg4 4. c4 c6 5. cxd5 cxd5 6. Qb3 Bxf3 7. Bxf3 Qd7 8. Nc3 e6 9. d4 Nc6 10. e3 Bd6 11. Bd2 O-O 12. O-O Na5 13. Qb5 Nc4 14. Qxd7 Nxd7 15. Bc1 Nf6 16. b3 Na5 17. Bb2 Nc6 18. Rfc1 Rac8 19. Be2 Be7 20. Na4 Ne4 21. f3 1/2-1/2

[Event "BL 2425 FC St. Pauli - SV Mülheim Nord"]
[Site "?"]
[Date "2025.02.22"]
[Round "9.8"]
[White "Krause, Jonah"]
[Black "Albers, Sasa"]
[Result "1/2-1/2"]
[WhiteElo "2368"]
[BlackElo "2274"]
[PlyCount "49"]
[EventDate "2025.??.??"]

1. d4 Nf6 2. c4 e6 3. Nf3 Bb4+ 4. Bd2 Bxd2+ 5. Qxd2 O-O 6. Nc3 d5 7. e3 Qe7 8. Rc1 Rd8 9. Qc2 b6 10. cxd5 exd5 11. Bd3 c5 12. O-O c4 13. Be2 a6 14. Ne5 b5 15. Bf3 Bb7 16. e4 dxe4 17. Nxe4 Bxe4 18. Bxe4 Nxe4 19. Qxe4 Nd7 20. b3 Nxe5 21. dxe5 Rac8 22. bxc4 Rc5 23. Rcd1 Re8 24. cxb5 Rxe5 25. Qc6 1/2-1/2

[Event "BL 2425 OSG Baden-Baden - Hamburger SK"]
[Site "?"]
[Date "2025.02.22"]
[Round "9.2"]
[White "Kasimdzhanov, Rustam"]
[Black "Svane, Rasmus"]
[Result "0-1"]
[WhiteElo "2681"]
[BlackElo "2621"]
[PlyCount "96"]
[EventDate "2025.??.??"]

1. d4 Nf6 2. c4 e6 3. Nf3 d5 4. Nc3 c5 5. cxd5 cxd4 6. Qxd4 exd5 7. Bg5 Be7 8. e3 O-O 9. Be2 h6 10. Bh4 Nc6 11. Qd3 Qb6 12. O-O Rd8 13. Rfd1 Be6 14. h3 Rac8 15. a3 Na5 16. Nd4 Nc4 17. Rdb1 Rd7 18. b4 Ne5 19. Qd2 Nc4 20. Qe1 Ne4 21. Nxe4 dxe4 22. Bxe7 Rxe7 23. Rc1 Rec7 24. a4 Bd7 25. b5 Qa5 26. Rc3 Nb6 27. Rxc7 Qxe1+ 28. Rxe1 Rxc7 29. Ra1 Kf8 30. h4 Ke7 31. Kh2 Nd5 32. Kg3 f5 33. h5 Kf6 34. a5 Ke5 35. b6 axb6 36. axb6 Nxb6 37. Bb5 f4+ 38. Kh2 fxe3 39. fxe3 Bxb5 40. Nxb5 Rc5 41. Na7 Nc4 42. Rc1 Kd5 43. Rb1 Nd6 44. Ra1 Ke6 45. g4 Kd7 46. Kg3 b6 47. Rd1 b5 48. Rd4 b4 0-1

[Event "BL 2425 OSG Baden-Baden - Hamburger SK"]
[Site "?"]
[Date "2025.02.22"]
[Round "9.4"]
[White "Vitiugov, Nikita"]
[Black "Papp, Gabor"]
[Result "1/2-1/2"]
[WhiteElo "2670"]
[BlackElo "2500"]
[PlyCount "81"]
[EventDate "2025.??.??"]

1. d4 Nf6 2. c4 e6 3. Nc3 Bb4 4. Nf3 Bxc3+ 5. bxc3 d6 6. Qc2 O-O 7. e4 e5 8. Bd3 Nc6 9. Rb1 Bg4 10. Be3 Bxf3 11. gxf3 b6 12. Rg1 Nh5 13. Rg5 g6 14. Qa4 Na5 15. Ke2 f6 16. Rg4 c5 17. Rbg1 Qe8 18. Qxe8 Raxe8 19. Rh4 Kf7 20. d5 Rg8 21. Kd2 Ke7 22. Bf1 Ref8 23. Kd3 f5 24. exf5 Rxf5 25. Bh3 Rxf3 26. Bg4 Rf4 27. Rh3 Rff8 28. Bxh5 gxh5 29. Rxg8 Rxg8 30. Rxh5 Rg7 31. Bg5+ Kd7 32. h4 Rf7 33. Rh6 a6 34. Re6 b5 35. cxb5 axb5 36. Ke4 Nc4 37. f4 Nd2+ 38. Ke3 Nc4+ 39. Ke4 Nd2+ 40. Kd3 Nc4 41. Ke4 1/2-1/2